| Tag |
First Indicator |
Second Indicator |
Subfields |
| LEADER |
00000cam a2200000 a 4500 |
| 001 |
in00001589921 |
| 005 |
20151022121301.0 |
| 008 |
000202s2000 nyu b 001 0 eng |
| 010 |
|
|
|a 00023141
|
| 015 |
|
|
|a GBA0-67731
|
| 020 |
|
|
|a 0815336241 (alk. paper)
|
| 029 |
1 |
|
|a UKM
|b bA067731
|
| 035 |
|
|
|a (OCoLC)ocm43441259
|
| 040 |
|
|
|a DLC
|c DLC
|d C#P
|d UKM
|d UtOrBLW
|
| 043 |
|
|
|a mm-----
|
| 049 |
|
|
|a TXAM
|
| 050 |
0 |
0 |
|a UA646.55
|b .W55 2000
|
| 082 |
0 |
0 |
|a 355/.031091821
|2 21
|
| 100 |
1 |
|
|a Winrow, Gareth M.
|
| 245 |
1 |
0 |
|a Dialogue with the Mediterranean :
|b the role of NATO's Mediterranean initiative /
|c Gareth M. Winrow.
|
| 264 |
|
1 |
|a New York :
|b Garland,
|c 2000.
|
| 300 |
|
|
|a xix, 261 pages ;
|c 23 cm.
|
| 336 |
|
|
|a text
|b txt
|2 rdacontent
|
| 337 |
|
|
|a unmediated
|b n
|2 rdamedia
|
| 338 |
|
|
|a volume
|b nc
|2 rdacarrier
|
| 490 |
1 |
|
|a Garland reference library of social science ;
|v v. 1471.
|a Contemporary issues in European politics ;
|v v. 7
|
| 504 |
|
|
|a Includes bibliographical references (pages 233-245) and index.
|
| 651 |
|
0 |
|a Mediterranean Region
|x Defenses.
|
| 610 |
2 |
0 |
|a North Atlantic Treaty Organization.
|
| 610 |
2 |
4 |
|a North Atlantic Treaty Organization
|z Mediterranean Region.
|
| 650 |
|
0 |
|a National security
|z Mediterranean Region.
|
| 830 |
|
0 |
|a Garland reference library of social science ;
|v vol. 1471.
|
| 830 |
|
0 |
|a Garland reference library of social science.
|p Contemporary issues in European politics ;
|v v. 7.
|
| 945 |
|
|
|i promptcat
|
| 949 |
|
|
|l A14825511887
|
| 994 |
|
|
|a 92
|b TXA
|
| 948 |
|
|
|a cataloged
|b h
|c 2001/1/11
|d c
|e jlanham
|f 11:45:21 am
|
| 999 |
|
|
|a MARS
|
| 999 |
f |
f |
|s affe9b85-c31e-3a3b-8be9-a7d67c694336
|i 06097656-c6a1-3a25-8f3b-a5af00270883
|t 0
|
| 952 |
f |
f |
|p ric
|a Texas A&M University
|b Rellis Campus
|c Joint Library Facility
|d Remote Storage
|t 0
|e UA646.55 .W55 2000
|h Library of Congress classification
|i unmediated -- volume
|m A14825511887
|
| 998 |
f |
f |
|a UA646.55 .W55 2000
|t 0
|l Remote Storage
|